00636nam a2200193Ia 4500008004100000020001400041082001800055100002300073245004900096250000700145260004500152300002800197500001900225600003300244650001500277942000700292952012800299999001500427240925s9999 xx 000 0 und d a131992759 a808.06666 BOR aBorowick ,Jerome N 0aTechnical Communication and its Applications aNA aNew Jersey:bPrintice- Hall Int.c,1996. axv,425p.bN.afOriginal aIncludes Index aHumanities & Natural Science aLiterature cBK 001040708HUMaUITUbUITUd2005-11-22eOK Photostatg285.00l0o808.06666 BORpQ6483r2024-09-25 07:14:15w2024-09-25yBK c8982d8982